[Event "GER-ch 78th"]
[Site "Bad Koenigshofen"]
[Date "2007.01.23"]
[Round "5"]
[White "Zill, Christoph"]
[Black "Tereick, Benjamin"]
[Result "1-0"]
[WhiteElo "2305"]
[BlackElo "2382"]
[EventDate "2007.01.19"]
[PlyCount "73"]

1. e4 e6 2. d4 d5 3. Nc3 Nf6 4. e5 Nfd7 5. f4 c5 6. Nf3 Nc6 7. Be3 cxd4 8. Nxd4 Bc5 9. Qd2 O-O 10. O-O-O a6 11. Nb3 b6 12. h4 Bb7 13. h5 Qe7 14. Rh3 Rad8 15. Nd4 f6 16. exf6 Qxf6 17. Rf3 Nxd4 18. Bxd4 Bxd4 19. Qxd4 Qxd4 20. Rxd4 Nf6 21. Re3 Nxh5 22. Rxe6 b5 23. Re7 Bc6 24. Rc7 Ba8 25. Ra7 Rd6 26. Be2 Nf6 27. Bf3 h5 28. a4 Bc6 29. Rxa6 bxa4 30. Nxa4 Rfd8 31. Nc5 Bb5 32. Rxd6 Rxd6 33. b3 Be8 34. Nd3 Bf7 35. Ne5 Be6 36. c4 Rb6 37. cxd5 1-0

[Event "GER-ch 78th"]
[Site "Bad Koenigshofen"]
[Date "2007.01.24"]
[Round "6"]
[White "Bastian, Herbert"]
[Black "Feustel, Bernd"]
[Result "1/2-1/2"]
[WhiteElo "2411"]
[BlackElo "2319"]
[EventDate "2007.01.19"]
[PlyCount "95"]

1. e4 g6 2. d4 Bg7 3. c3 d6 4. Nf3 Nd7 5. Bd3 c5 6. O-O Ngf6 7. e5 dxe5 8. dxe5 Nd5 9. e6 fxe6 10. Ng5 Nc7 11. Qe2 Ne5 12. Bc2 Bd7 13. Na3 b5 14. Bf4 Nf7 15. Bxc7 Qxc7 16. Nxe6 Bxe6 17. Qxe6 Qd6 18. Qe4 O-O 19. Rad1 Qf6 20. Nxb5 Rab8 21. Nc7 Rxb2 22. Bb3 Kh8 23. Nd5 Qe5 24. Qxe5 Nxe5 25. f4 Nc6 26. g3 e6 27. Nc7 Bxc3 28. Nxe6 Re8 29. Bc4 Rb4 30. Bd5 Ne7 31. a3 Rb2 32. Bc4 Bd2 33. Kh1 Nf5 34. Rf2 Ne3 35. Rfxd2 Rxd2 36. Rxd2 Nxc4 37. Re2 Nxa3 38. g4 Nb5 39. f5 gxf5 40. gxf5 Nc7 41. Kg2 Nxe6 42. fxe6 Kg7 43. Re5 Kf6 44. Rxc5 Kxe6 45. Ra5 Re7 46. Kg3 Kd6 47. Kg4 Kc6 48. Ra1 1/2-1/2

[Event "GER-ch 78th"]
[Site "Bad Koenigshofen"]
[Date "2007.01.24"]
[Round "6"]
[White "Buhmann, Rainer"]
[Black "Degtiarev, Evgeny"]
[Result "1-0"]
[WhiteElo "2547"]
[BlackElo "2393"]
[EventDate "2007.01.19"]
[PlyCount "143"]

1. Nf3 Nf6 2. c4 g6 3. Nc3 d5 4. cxd5 Nxd5 5. Qb3 Nb6 6. d4 Bg7 7. e4 O-O 8. Be2 Bg4 9. d5 e6 10. h3 Bxf3 11. Bxf3 exd5 12. exd5 Qe7+ 13. Be3 Bh6 14. O-O Bxe3 15. fxe3 Qxe3+ 16. Kh1 N8d7 17. Nb5 Qxb3 18. axb3 Ne5 19. Nxc7 Rac8 20. d6 Nxf3 21. Rxf3 a6 22. Re1 Rcd8 23. Rd3 Rd7 24. Ne8 Rd8 25. Nf6+ Kg7 26. Rf3 Nd7 27. Nd5 Nc5 28. Nc7 Kg8 29. Rd1 Kg7 30. Re3 a5 31. Re7 Kh8 32. Rd5 b6 33. d7 Kg8 34. Rd6 Nxb3 35. Rxb6 Nd4 36. Nd5 Kg7 37. Nf6 h5 38. Ne8+ Kg8 39. Nf6+ Kg7 40. g4 hxg4 41. hxg4 Rh8+ 42. Kg2 Kf8 43. Re8+ Kg7 44. Re5 Ne6 45. g5 a4 46. Rc6 Kf8 47. Rc4 Ke7 48. Rxa4 Rb8 49. b4 Rh4 50. Ra7 Kd8 51. b5 Rb4 52. Ra5 Rb2+ 53. Kg3 Rb3+ 54. Kf2 Rb2+ 55. Ke3 Rb3+ 56. Kd2 Rg3 57. Ne4 Rg2+ 58. Ke3 Rc2 59. Ra6 Rc7 60. Nf6 Rcb7 61. Rc6 Ra8 62. Ke4 Rc7 63. Rcxe6 fxe6 64. Rxe6 Rc4+ 65. Kd5 Rca4 66. Kd6 Rd4+ 67. Nd5 Rxd5+ 68. Kxd5 Kxd7 69. Rxg6 Ra1 70. Rg7+ Kd8 71. g6 Rb1 72. Kc6 1-0

[Event "GER-ch 78th"]
[Site "Bad Koenigshofen"]
[Date "2007.01.24"]
[Round "6"]
[White "Enders, Peter"]
[Black "Zill, Christoph"]
[Result "1-0"]
[WhiteElo "2433"]
[BlackElo "2305"]
[EventDate "2007.01.19"]
[PlyCount "113"]

1. e4 e6 2. d4 d5 3. Nc3 Bb4 4. e5 c5 5. a3 Bxc3+ 6. bxc3 Ne7 7. Qg4 O-O 8. Bd3 f5 9. exf6 Rxf6 10. Bg5 Rf7 11. Qh5 g6 12. Qd1 Qa5 13. Qd2 Nec6 14. Nf3 Nd7 15. dxc5 Nxc5 16. O-O e5 17. Bh6 Ne6 18. Be2 e4 19. Ng5 Nxg5 20. Bxg5 Be6 21. f3 exf3 22. Rxf3 Rxf3 23. Bxf3 Ne5 24. Be2 Rc8 25. Bf6 Qxc3 26. Qxc3 Rxc3 27. Bd3 Rxd3 28. cxd3 Nxd3 29. Bd4 b6 30. a4 Nc5 31. a5 Kf7 32. axb6 axb6 33. Ra7+ Nd7 34. Bxb6 Kf6 35. Bd4+ Ke7 36. Kf2 g5 37. Ke3 Bf5 38. Ra6 Be6 39. Ra8 Kf7 40. Rh8 Kg6 41. Kd2 h5 42. Kc3 h4 43. Kb4 Nf6 44. Kc5 Ne4+ 45. Kc6 Kf5 46. Kc7 Kf4 47. Rf8+ Kg4 48. Rh8 Kf4 49. Kd8 Nd2 50. Ke8 Kf5 51. Ke7 h3 52. gxh3 Nf3 53. Rf8+ Ke4 54. Rxf3 Kxf3 55. Kxe6 Kg2 56. Kf5 Kxh3 57. Be5 1-0

[Event "GER-ch 78th"]
[Site "Bad Koenigshofen"]
[Date "2007.01.24"]
[Round "6"]
[White "Fischer, Thomas2"]
[Black "Becker, Marcel"]
[Result "1/2-1/2"]
[WhiteElo "2045"]
[BlackElo "2381"]
[EventDate "2007.01.19"]
[PlyCount "63"]

1. d4 d5 2. Bf4 Nf6 3. e3 Bf5 4. Nf3 c6 5. Nbd2 e6 6. Ne5 Nbd7 7. g4 Nxe5 8. gxf5 Ned7 9. fxe6 fxe6 10. Rg1 g6 11. Qe2 Nh5 12. Bg5 Be7 13. Nf3 Bxg5 14. Nxg5 Qf6 15. Bh3 Ng7 16. O-O-O h6 17. Nf3 O-O-O 18. Ne5 g5 19. Nd3 h5 20. f3 Nf5 21. Bxf5 exf5 22. e4 fxe4 23. fxe4 Qxd4 24. exd5 Qxd5 25. Nb4 Qe5 26. Qxe5 Nxe5 27. Rxg5 Nf3 28. Rxd8+ Kxd8 29. Rg2 Re8 30. Nd3 Re4 31. Rf2 Re3 32. b3 1/2-1/2

[Event "GER-ch 78th"]
[Site "Bad Koenigshofen"]
[Date "2007.01.24"]
[Round "6"]
[White "Gustafsson, Jan"]
[Black "Baramidze, David"]
[Result "1/2-1/2"]
[WhiteElo "2584"]
[BlackElo "2551"]
[EventDate "2007.01.19"]
[PlyCount "33"]

1. Nf3 Nf6 2. c4 g6 3. Nc3 d5 4. Qa4+ Bd7 5. Qb3 dxc4 6. Qxc4 Bg7 7. e4 O-O 8. e5 Ne8 9. d4 c6 10. Qb3 c5 11. dxc5 Nc6 12. Be3 Nc7 13. Be2 Qc8 14. O-O Nxe5 15. Nxe5 Bxe5 16. Bc4 Bc6 17. Nd5 1/2-1/2

[Event "GER-ch 78th"]
[Site "Bad Koenigshofen"]
[Date "2007.01.24"]
[Round "6"]
[White "Kachiani Gersinska, Ketino"]
[Black "Schenderowitsch, Michael"]
[Result "1-0"]
[WhiteElo "2374"]
[BlackElo "2268"]
[EventDate "2007.01.19"]
[PlyCount "113"]

1. d4 e6 2. c4 Nf6 3. g3 Bb4+ 4. Bd2 Qe7 5. Nf3 Nc6 6. Nc3 d5 7. Bg2 O-O 8. a3 Bxc3 9. Bxc3 a5 10. O-O Ne4 11. Qc2 Rd8 12. e3 b6 13. Rfc1 Bb7 14. b3 Nd6 15. Be1 h6 16. c5 Ne4 17. b4 bxc5 18. bxc5 Ba6 19. Ne5 Nxe5 20. dxe5 Ng5 21. h4 Nh7 22. Bxa5 Bb5 23. Bb4 Ba4 24. Qc3 Nf8 25. Rab1 Bc6 26. Rd1 Nd7 27. Rd2 f6 28. exf6 Qxf6 29. Qxf6 Nxf6 30. Rbd1 Ba4 31. Ra1 Bc6 32. f4 Re8 33. Bc3 Ra4 34. Rb2 Ne4 35. Bxe4 Rxe4 36. Bd4 Ra8 37. a4 g5 38. hxg5 hxg5 39. a5 gxf4 40. gxf4 e5 41. Rg2+ Kf8 42. fxe5 Bb5 43. Raa2 Be8 44. a6 Ke7 45. Rg7+ Kd8 46. a7 Kc8 47. Rg8 Kd7 48. Rb2 Rxd4 49. exd4 Rxa7 50. c6+ Ke7 51. Rb7 Ra1+ 52. Kf2 Ra2+ 53. Ke3 Ra3+ 54. Kd2 Ra2+ 55. Kc3 Ra8 56. Rxc7+ Ke6 57. Rh7 1-0

[Event "GER-ch 78th"]
[Site "Bad Koenigshofen"]
[Date "2007.01.24"]
[Round "6"]
[White "Lorscheid, Gerhard"]
[Black "Seuffert, Gabriel"]
[Result "1/2-1/2"]
[WhiteElo "2285"]
[BlackElo "2339"]
[EventDate "2007.01.19"]
[PlyCount "33"]

1. d4 Nf6 2. c4 e6 3. Nc3 Bb4 4. Qc2 O-O 5. a3 Bxc3+ 6. Qxc3 b6 7. Bg5 Ba6 8. e3 d6 9. Bd3 h6 10. Bh4 Nbd7 11. Ne2 Rc8 12. Qb3 c5 13. Qa4 cxd4 14. exd4 Nb8 15. Rd1 Qd7 16. Qb3 Qe7 17. O-O 1/2-1/2

[Event "GER-ch 78th"]
[Site "Bad Koenigshofen"]
[Date "2007.01.24"]
[Round "6"]
[White "Meins, Gerlef"]
[Black "Abel, Dennes"]
[Result "1-0"]
[WhiteElo "2460"]
[BlackElo "2294"]
[EventDate "2007.01.19"]
[PlyCount "89"]

1. d4 d5 2. c4 c6 3. Nf3 Nf6 4. cxd5 cxd5 5. Nc3 Nc6 6. Bf4 e6 7. e3 Nh5 8. Bg5 Qb6 9. Bb5 Bd7 10. O-O h6 11. Bh4 g5 12. Bxc6 Bxc6 13. Ne5 Ng7 14. Na4 Qa6 15. Nxc6 Qxc6 16. Bg3 Bd6 17. Rc1 Qd7 18. Nc5 Bxc5 19. Rxc5 O-O 20. Rc7 Qb5 21. Qc2 b6 22. Rc1 Rfd8 23. Be5 Qe8 24. h4 g4 25. Qe2 h5 26. Qa6 Rd7 27. Qb7 Rxc7 28. Rxc7 Nf5 29. Rxf7 Qxf7 30. Qxa8+ Kh7 31. Qh8+ Kg6 32. Qd8 Ne7 33. a4 Nf5 34. b4 Kh7 35. Qh8+ Kg6 36. Qd8 Kh7 37. b5 Kg6 38. Qg5+ Kh7 39. Qd8 Kg6 40. Bf4 Kh7 41. Qc7 Qxc7 42. Bxc7 Ne7 43. Bb8 Ng8 44. Kh2 Kg6 45. Kg3 1-0

[Event "GER-ch 78th"]
[Site "Bad Koenigshofen"]
[Date "2007.01.24"]
[Round "6"]
[White "Prusikin, Michael"]
[Black "Meister, Jakob [RUS]"]
[Result "1-0"]
[WhiteElo "2571"]
[BlackElo "2491"]
[EventDate "2007.01.19"]
[PlyCount "103"]

1. d4 e6 2. c4 Bb4+ 3. Nd2 d5 4. a3 Be7 5. Ngf3 Nf6 6. g3 c5 7. dxc5 Bxc5 8. b4 Be7 9. Bg2 a5 10. b5 a4 11. O-O O-O 12. Bb2 Nbd7 13. Qc2 h6 14. Rfd1 Qb6 15. Bd4 Bc5 16. Qb2 Ra5 17. Rac1 Re8 18. Qa1 Bxd4 19. Qxd4 e5 20. Qxb6 Nxb6 21. cxd5 Nfxd5 22. Ne4 Bg4 23. Rc5 Nf6 24. Nd6 Rd8 25. Nxe5 Bxe2 26. Nexf7 Rd7 27. Rd2 Rxb5 28. Rxb5 Bxb5 29. Bh3 Rxf7 30. Be6 Be8 31. Rb2 Nbd7 32. Rxb7 Kf8 33. Bxf7 Bxf7 34. Nxf7 Kxf7 35. Ra7 Ke6 36. Rxa4 g5 37. Ra6+ Kd5 38. f3 h5 39. Kf2 g4 40. f4 Kd4 41. Rd6+ Kc5 42. Re6 Kd4 43. Rd6+ Kc5 44. Ra6 Kd4 45. Ke2 Ke4 46. a4 Nd5 47. a5 h4 48. Re6+ Kd4 49. Rd6 hxg3 50. hxg3 N7f6 51. a6 Kc5 52. Rxf6 1-0

[Event "GER-ch 78th"]
[Site "Bad Koenigshofen"]
[Date "2007.01.24"]
[Round "6"]
[White "Reinhardt, Bernd"]
[Black "Knuth, Hannes"]
[Result "1-0"]
[WhiteElo "2347"]
[BlackElo "2301"]
[EventDate "2007.01.19"]
[PlyCount "114"]

1. d4 Nf6 2. Nf3 e6 3. c3 b6 4. Bg5 Ba6 5. Nbd2 h6 6. Bxf6 gxf6 7. e4 Bxf1 8. Nxf1 d5 9. exd5 Qxd5 10. Ne3 Qb5 11. Qc2 Nd7 12. a4 Qh5 13. Qe4 Rd8 14. Qb7 Bd6 15. Qxa7 Rg8 16. Qb7 Ke7 17. Qe4 Ra8 18. g4 Qa5 19. Nf5+ Kf8 20. Nxd6 cxd6 21. b4 Qa6 22. Kd2 Rc8 23. Rhc1 Qa8 24. Qxa8 Rxa8 25. h3 h5 26. Rg1 Ke7 27. c4 hxg4 28. hxg4 Ra7 29. Kc2 Rh8 30. Rg3 e5 31. Kb3 Ke6 32. d5+ Ke7 33. Nd2 Rh4 34. Re1 f5 35. gxf5 Rf4 36. Rf3 Rd4 37. Ne4 Nf6 38. Nc3 Ra8 39. Nb5 Rh4 40. Rc1 Re4 41. Re3 Rf4 42. f3 Kd7 43. Rg1 Rxf5 44. Rg7 Nh5 45. Rh7 Nf4 46. Rh6 Ng6 47. Rh7 Nf4 48. Rg7 Ng6 49. a5 bxa5 50. c5 axb4 51. Nxd6 Rf4 52. Nc4 Ra1 53. c6+ Kc7 54. Kxb4 Rc1 55. Re4 Rxf3 56. Kc5 Kd8 57. Rg8+ Ke7 1-0

[Event "GER-ch 78th"]
[Site "Bad Koenigshofen"]
[Date "2007.01.24"]
[Round "6"]
[White "Schellmann, Frank"]
[Black "Hamann, Carsten"]
[Result "1/2-1/2"]
[WhiteElo "2107"]
[BlackElo "2216"]
[EventDate "2007.01.19"]
[PlyCount "113"]

1. e4 e6 2. d4 d5 3. e5 c5 4. c3 Nc6 5. Nf3 Qb6 6. a3 Nh6 7. b4 cxd4 8. cxd4 Nf5 9. Bb2 Bd7 10. g4 Nh6 11. h3 Rc8 12. Nc3 Na5 13. Na4 Qc6 14. Nc5 Nc4 15. Bxc4 dxc4 16. O-O Ng8 17. Nd2 c3 18. Bxc3 Qd5 19. Qf3 Qxf3 20. Nxf3 b6 21. Ne4 f5 22. exf6 Nxf6 23. Nfd2 Nd5 24. Bb2 Nf4 25. Kh2 Rc2 26. Rab1 Be7 27. Rfc1 Rxc1 28. Bxc1 Rf8 29. Nc4 Nd3 30. Be3 Bc6 31. Ncd2 Bh4 32. Rf1 Kd7 33. f4 a5 34. bxa5 bxa5 35. Nc5+ Nxc5 36. dxc5 Kc7 37. Nc4 a4 38. Bd4 Bf6 39. Be5+ Bxe5 40. Nxe5 Rb8 41. f5 exf5 42. Rxf5 Bd5 43. Nd3 Bg8 44. Nb4 Re8 45. Kg3 Re1 46. Rf3 Rc1 47. c6 Bb3 48. Re3 Kd6 49. Rd3+ Ke6 50. Rd7 g5 51. Rxh7 Rc3+ 52. Kf2 Ke5 53. Ra7 Rxh3 54. Ra5+ Kd6 55. Rxg5 Be6 56. Ra5 Rxa3 57. Ra7 1/2-1/2

[Event "GER-ch 78th"]
[Site "Bad Koenigshofen"]
[Date "2007.01.24"]
[Round "6"]
[White "Schulze, Ulrich"]
[Black "Wichmann, Cliff"]
[Result "1/2-1/2"]
[WhiteElo "2297"]
[BlackElo "2419"]
[EventDate "2007.01.19"]
[PlyCount "78"]

1. d4 d5 2. Nf3 Nf6 3. g3 c6 4. Bg2 Bf5 5. O-O h6 6. c4 e6 7. b3 Nbd7 8. Bb2 Be7 9. Nc3 O-O 10. Nd2 a5 11. e4 dxe4 12. Ndxe4 Nxe4 13. Nxe4 Nf6 14. Nc3 Qc7 15. h3 Rad8 16. Qe2 Rd7 17. Rfd1 Rfd8 18. Qe5 Ne8 19. Qxc7 Nxc7 20. Na4 Na8 21. g4 Bc2 22. Rdc1 Bg6 23. Nc5 Rc7 24. Re1 b6 25. Na4 b5 26. cxb5 cxb5 27. Nc3 b4 28. Na4 Bg5 29. d5 exd5 30. Rad1 Rcd7 31. Nc5 Re7 32. Rxe7 Bxe7 33. Nb7 Rd7 34. Nxa5 Nc7 35. Nc6 Bd6 36. Ne5 Bxe5 37. Bxe5 Nb5 38. Rxd5 Rxd5 39. Bxd5 Nc3 1/2-1/2

[Event "GER-ch 78th"]
[Site "Bad Koenigshofen"]
[Date "2007.01.24"]
[Round "6"]
[White "Schuster, Martin"]
[Black "Heinig, Wolfram"]
[Result "1/2-1/2"]
[WhiteElo "2223"]
[BlackElo "2364"]
[EventDate "2007.01.19"]
[PlyCount "58"]

1. d4 Nf6 2. c4 c5 3. d5 b5 4. Nf3 e6 5. Bg5 Qa5+ 6. Qd2 Qxd2+ 7. Nbxd2 bxc4 8. Bxf6 gxf6 9. e4 f5 10. Bxc4 fxe4 11. Nxe4 Bb7 12. O-O Be7 13. Rad1 Rg8 14. Rfe1 a5 15. Ne5 Rg7 16. Nd3 Na6 17. Bxa6 Bxa6 18. Ndxc5 Bc4 19. d6 Bd8 20. b3 Bb5 21. Ng3 Bc6 22. Nd3 f6 23. Nb2 Bb6 24. Nc4 Bc5 25. Kf1 Kf7 26. f3 a4 27. Ne4 Bb4 28. Re2 axb3 29. axb3 Bb5 1/2-1/2

[Event "GER-ch 78th"]
[Site "Bad Koenigshofen"]
[Date "2007.01.24"]
[Round "6"]
[White "Tabatt, Hendrik"]
[Black "Koller, Jens"]
[Result "1-0"]
[WhiteElo "2228"]
[BlackElo "2246"]
[EventDate "2007.01.19"]
[PlyCount "77"]

1. e4 c5 2. Nf3 e6 3. c3 Nf6 4. Qa4 Qc7 5. e5 Nd5 6. Qg4 Nc6 7. Qg3 f6 8. exf6 Qxg3 9. f7+ Kxf7 10. hxg3 Be7 11. Na3 Bf6 12. Nc4 Ke7 13. g4 g6 14. g5 Bg7 15. Ne3 a6 16. Nxd5+ exd5 17. d3 d4 18. Bd2 d6 19. cxd4 cxd4 20. Be2 Be6 21. Kf1 Kf7 22. Rh4 Rac8 23. a3 Bf5 24. Rc1 b5 25. Ne1 Be6 26. Bg4 Bxg4 27. Rxg4 Rhe8 28. Rf4+ Kg8 29. Re4 Ne5 30. Rxc8 Rxc8 31. Ke2 Kf7 32. Rxd4 Re8 33. Be3 Ke6 34. Rh4 Kf7 35. Kd1 Nc6 36. Kc2 d5 37. d4 Nxd4+ 38. Bxd4 Rxe1 39. Rxh7 1-0

[Event "GER-ch 78th"]
[Site "Bad Koenigshofen"]
[Date "2007.01.24"]
[Round "6"]
[White "Tereick, Benjamin"]
[Black "Stanke, Juergen"]
[Result "1-0"]
[WhiteElo "2382"]
[BlackElo "2323"]
[EventDate "2007.01.19"]
[PlyCount "59"]

1. Nf3 d5 2. d4 e6 3. c4 Nf6 4. g3 dxc4 5. Qa4+ Nbd7 6. Bg2 a6 7. Nc3 Rb8 8. Qxc4 b5 9. Qd3 Bb7 10. Bf4 Bd6 11. O-O Bxf4 12. gxf4 c5 13. dxc5 Nxc5 14. Qxd8+ Rxd8 15. Rac1 Ncd7 16. Nd4 Bxg2 17. Kxg2 O-O 18. Nc6 Ra8 19. Rfd1 g6 20. Rd6 Kg7 21. a3 Rfc8 22. Na5 Nc5 23. Na2 Nd5 24. Kf3 Na4 25. Rxc8 Rxc8 26. b3 Rc2 27. Nb4 Rc3+ 28. e3 Nxb4 29. axb4 Nb2 30. Ke2 1-0

[Event "GER-ch 78th"]
[Site "Bad Koenigshofen"]
[Date "2007.01.24"]
[Round "6"]
[White "Von Herman, Ulf"]
[Black "Luther, Thomas"]
[Result "0-1"]
[WhiteElo "2364"]
[BlackElo "2580"]
[EventDate "2007.01.19"]
[PlyCount "79"]

1. d4 e6 2. c4 Nf6 3. Nf3 d5 4. Nc3 Bb4 5. cxd5 exd5 6. Bg5 Nbd7 7. Qc2 c5 8. e3 Qa5 9. Bd3 c4 10. Bf5 O-O 11. O-O Re8 12. Nd2 g6 13. Bxd7 Nxd7 14. Rae1 Nb6 15. f3 Bd7 16. h4 Bxc3 17. bxc3 Na4 18. Rc1 Re6 19. e4 Rae8 20. Rfe1 f6 21. Bf4 Qd8 22. Re3 b5 23. Rce1 Bc6 24. Nf1 a5 25. a3 b4 26. axb4 axb4 27. cxb4 dxe4 28. Qxc4 Nb2 29. Qc3 Nd3 30. Bc7 Qxc7 31. d5 Nxe1 32. dxe6 Nxg2 33. Kxg2 Rxe6 34. Kf2 Qd6 35. Qc4 Bd5 36. Qd4 Qc6 37. b5 Qxb5 38. fxe4 Bb7 39. Nd2 Qe8 40. Kg3 0-1

[Event "GER-ch 78th"]
[Site "Bad Koenigshofen"]
[Date "2007.01.25"]
[Round "7"]
[White "Abel, Dennes"]
[Black "Fischer, Thomas2"]
[Result "1-0"]
[WhiteElo "2294"]
[BlackElo "2045"]
[EventDate "2007.01.19"]
[PlyCount "59"]

1. e4 c5 2. Nf3 Nc6 3. d4 cxd4 4. Nxd4 Nf6 5. Nc3 e5 6. Ndb5 d6 7. Bg5 a6 8. Na3 Be6 9. Nc4 Rc8 10. Bxf6 gxf6 11. Bd3 Ne7 12. Ne3 Bh6 13. O-O Rc6 14. Qf3 Bg5 15. g3 Rg8 16. Ncd5 Rg6 17. Nxe7 Qxe7 18. Nf5 Qd7 19. h4 Bf4 20. Kh2 Bd2 21. c3 Rb6 22. Qe2 Rxb2 23. Rfb1 Rxb1 24. Rxb1 Bxc3 25. Bxa6 Bxf5 26. Bb5 Ke7 27. Bxd7 Bxd7 28. Rxb7 Rg8 29. Qc4 Bd4 30. Rxd7+ 1-0

[Event "GER-ch 78th"]
[Site "Bad Koenigshofen"]
[Date "2007.01.25"]
[Round "7"]
[White "Becker, Marcel"]
[Black "Seuffert, Gabriel"]
[Result "1-0"]
[WhiteElo "2381"]
[BlackElo "2339"]
[EventDate "2007.01.19"]
[PlyCount "71"]

1. d4 Nf6 2. c4 e6 3. Nf3 b6 4. Nc3 Bb7 5. Bg5 Be7 6. e3 Ne4 7. Nxe4 Bxe4 8. Bf4 O-O 9. Bd3 Bxd3 10. Qxd3 d6 11. h4 Nd7 12. Ng5 Bxg5 13. hxg5 g6 14. O-O-O f5 15. gxf6 Nxf6 16. Rh6 Rf7 17. Rdh1 Qf8 18. Bg5 Ng4 19. Qxg6+ Qg7 20. Qe4 Nxh6 21. Qxa8+ Rf8 22. Bxh6 Rxa8 23. Bxg7 Kxg7 24. Kd2 Rf8 25. f3 Rf5 26. e4 Rg5 27. g4 b5 28. cxb5 Rxb5 29. b3 Kg6 30. Kd3 Rb6 31. f4 Ra6 32. Rh2 Rc6 33. g5 Rc1 34. Rh6+ Kg7 35. Rxe6 Rd1+ 36. Kc4 1-0

[Event "GER-ch 78th"]
[Site "Bad Koenigshofen"]
[Date "2007.01.25"]
[Round "7"]
[White "Beikert, Guenther"]
[Black "Meins, Gerlef"]
[Result "1/2-1/2"]
[WhiteElo "2434"]
[BlackElo "2460"]
[EventDate "2007.01.19"]
[PlyCount "140"]

1. c4 e5 2. a3 Nf6 3. d3 d5 4. cxd5 Nxd5 5. Nf3 Bd6 6. g3 O-O 7. Bg2 c5 8. Qb3 Nb6 9. Nbd2 Nc6 10. O-O Be6 11. Qc2 Rc8 12. e3 Be7 13. b3 Qd7 14. Re1 Rfd8 15. Bf1 f6 16. Bb2 Bf8 17. Rac1 Qf7 18. Ba1 Nd5 19. Qb1 b6 20. Be2 Kh8 21. Kh1 Qb7 22. Bb2 Qf7 23. Rg1 b5 24. g4 h6 25. Rg3 Nb6 26. Bd1 c4 27. dxc4 bxc4 28. bxc4 Nxc4 29. Nxc4 Bxc4 30. Bc2 Ba2 31. Qa1 Be6 32. h4 Na5 33. g5 Nb3 34. Bxb3 Rxc1+ 35. Qxc1 Bxb3 36. Kg2 Qc4 37. gxf6 gxf6 38. Qxc4 Bxc4 39. Rg6 Bg7 40. Rg4 Bd5 41. e4 Bf7 42. Rg3 Rd1 43. Nh2 Re1 44. Re3 Rxe3 45. fxe3 Bg6 46. Kf3 Bf8 47. Nf1 Kg8 48. Ng3 h5 49. Ke2 Kf7 50. Kd3 Ke6 51. Kc4 Kd7 52. Kd3 Kc6 53. Ne2 Be7 54. a4 Bb4 55. Bc3 Kc5 56. Bxb4+ Kxb4 57. Nc3 a5 58. Nd5+ Kxa4 59. Kc3 Bxe4 60. Nxf6 Bg6 61. e4 Ka3 62. Nd7 Bxe4 63. Nxe5 Bd5 64. Nc4+ Bxc4 65. Kxc4 a4 66. Kc3 Ka2 67. Kc2 a3 68. Kc1 Kb3 69. Kb1 a2+ 70. Ka1 Ka3 1/2-1/2

[Event "GER-ch 78th"]
[Site "Bad Koenigshofen"]
[Date "2007.01.25"]
[Round "7"]
[White "Degtiarev, Evgeny"]
[Black "Kachiani Gersinska, Ketino"]
[Result "1/2-1/2"]
[WhiteElo "2393"]
[BlackElo "2374"]
[EventDate "2007.01.19"]
[PlyCount "86"]

1. d4 Nf6 2. c4 g6 3. Nc3 Bg7 4. e4 d6 5. f3 O-O 6. Nge2 c5 7. d5 e6 8. Ng3 exd5 9. cxd5 h5 10. Be2 a6 11. a4 Nh7 12. Be3 Nd7 13. O-O h4 14. Nh1 f5 15. Qd2 Qf6 16. f4 fxe4 17. Nf2 Qe7 18. g4 hxg3 19. hxg3 g5 20. fxg5 Ne5 21. Nfxe4 Bh3 22. Rf2 Rxf2 23. Nxf2 Bf5 24. Bf4 Nf7 25. g4 Bg6 26. Nh3 Re8 27. Re1 Bd4+ 28. Kh1 Nf8 29. Bg3 Be3 30. Qd1 Nxg5 31. Nxg5 Qxg5 32. Kg2 Bf4 33. Bxf4 Qxf4 34. Bf3 Bc2 35. Qc1 Qxc1 36. Rxc1 Bd3 37. Kf2 Ng6 38. Re1 Ne5 39. Kg3 Rf8 40. Be4 b5 41. axb5 axb5 42. Re3 Bc4 43. Bf5 Kg7 1/2-1/2

[Event "GER-ch 78th"]
[Site "Bad Koenigshofen"]
[Date "2007.01.25"]
[Round "7"]
[White "Hamann, Carsten"]
[Black "Koller, Jens"]
[Result "1-0"]
[WhiteElo "2216"]
[BlackElo "2246"]
[EventDate "2007.01.19"]
[PlyCount "43"]

1. e4 c5 2. b4 cxb4 3. a3 d5 4. exd5 Qxd5 5. Nf3 Bg4 6. axb4 Qe4+ 7. Be2 Bxf3 8. gxf3 Qxb4 9. Nc3 Qb6 10. Nb5 Nc6 11. d4 Rd8 12. Be3 e6 13. Qb1 Rd5 14. c4 Rxd4 15. Nxd4 Bb4+ 16. Kf1 Nxd4 17. Qe4 Bc5 18. Rb1 Qd6 19. Qxb7 Qd8 20. Rg1 g6 21. Qb8 Ne7 22. Qe5 1-0

[Event "GER-ch 78th"]
[Site "Bad Koenigshofen"]
[Date "2007.01.25"]
[Round "7"]
[White "Henrichs, Thomas"]
[Black "Gustafsson, Jan"]
[Result "1/2-1/2"]
[WhiteElo "2483"]
[BlackElo "2584"]
[EventDate "2007.01.19"]
[PlyCount "66"]

1. e4 e5 2. Nf3 Nc6 3. Bb5 a6 4. Ba4 Nf6 5. O-O Be7 6. Re1 b5 7. Bb3 O-O 8. d4 Nxd4 9. Nxd4 exd4 10. e5 Ne8 11. c3 dxc3 12. Nxc3 d6 13. Qf3 Be6 14. Nd5 Rc8 15. Bf4 dxe5 16. Bxe5 Bd6 17. Rad1 Bxe5 18. Rxe5 Bxd5 19. Rexd5 Nd6 20. Qf4 Qe7 21. Re5 Qf6 22. Qxf6 gxf6 23. Rc5 Rfd8 24. Rdc1 Re8 25. g3 Re2 26. Rxc7 Rxc7 27. Rxc7 Rxb2 28. Rc6 Ne4 29. Rxa6 Nc5 30. Ra8+ Kg7 31. Bd5 Rd2 32. Bc6 b4 33. Ra7 Kf8 1/2-1/2

[Event "GER-ch 78th"]
[Site "Bad Koenigshofen"]
[Date "2007.01.25"]
[Round "7"]
[White "Knuth, Hannes"]
[Black "Jahrsdoerfer, Gerd"]
[Result "1-0"]
[WhiteElo "2301"]
[BlackElo "2176"]
[EventDate "2007.01.19"]
[PlyCount "101"]

1. d4 d5 2. c4 e6 3. Nc3 f5 4. Bf4 Nf6 5. e3 c6 6. Bd3 Bb4 7. a3 Bxc3+ 8. bxc3 O-O 9. Qc2 Ne4 10. f3 Nd6 11. c5 Nf7 12. Ne2 Qf6 13. Bxb8 Rxb8 14. Qa4 Ra8 15. f4 Bd7 16. O-O Rfb8 17. Rfb1 Qd8 18. Rb2 b5 19. Qc2 a5 20. a4 Rb7 21. g4 g6 22. Kh1 Rab8 23. g5 Qc7 24. Nc1 Nd8 25. Nb3 b4 26. Rab1 Bc8 27. Nc1 bxc3 28. Qxc3 Rxb2 29. Rxb2 Ra8 30. Rb6 Bb7 31. Nb3 Qc8 32. Nxa5 Ba6 33. Bxa6 Rxa6 34. Qb4 Ra8 35. Nb7 Nxb7 36. Rxb7 Rxa4 37. Rb8 Rxb4 38. Rxc8+ Kf7 39. Rxc6 Rb3 40. Rc7+ Ke8 41. Rxh7 Rxe3 42. c6 Kd8 43. h4 Re4 44. h5 gxh5 45. g6 Rxf4 46. g7 Rg4 47. Rh8+ Kc7 48. g8=Q Rxg8 49. Rxg8 Kxc6 50. Kg2 Kb5 51. Rc8 1-0

[Event "GER-ch 78th"]
[Site "Bad Koenigshofen"]
[Date "2007.01.25"]
[Round "7"]
[White "Meister, Jakob [RUS]"]
[Black "Von Herman, Ulf"]
[Result "0-1"]
[WhiteElo "2491"]
[BlackElo "2364"]
[EventDate "2007.01.19"]
[PlyCount "124"]

1. e4 c6 2. d3 d5 3. Nd2 g6 4. f4 h5 5. Qf3 Na6 6. c3 Nc5 7. Qf2 b6 8. Nb3 e6 9. Nxc5 Bxc5 10. Be3 Be7 11. Nf3 c5 12. Qc2 Nf6 13. e5 Ng4 14. Bf2 Nh6 15. Be2 Bb7 16. O-O a5 17. d4 Ng4 18. Rad1 Kf8 19. Kh1 Kg7 20. Bg1 Qc7 21. Qd2 Ba6 22. Bxa6 Rxa6 23. c4 Rd8 24. Qe2 dxc4 25. Qxc4 Raa8 26. dxc5 Bxc5 27. h3 Rac8 28. Rxd8 Qxd8 29. Qb3 Bxg1 30. Kxg1 Nh6 31. Rd1 Qc7 32. Kh2 Qc2 33. Qxc2 Rxc2 34. Rd2 Rc4 35. Rd6 Rb4 36. b3 Nf5 37. Rd7 Rxf4 38. Ng5 Nd4 39. g3 Rf5 40. Rxd4 Rxg5 41. Re4 f6 42. exf6+ Kxf6 43. Kg2 Rc5 44. Re2 b5 45. h4 Rc3 46. Kf2 e5 47. Rd2 Kf5 48. Rd5 Ke4 49. Rxb5 Rc2+ 50. Kf1 Kf3 51. Ke1 e4 52. Rb6 Rxa2 53. Rf6+ Kxg3 54. Rxg6+ Kxh4 55. Kf1 Rd2 56. Ra6 Kg4 57. Rxa5 h4 58. Ra8 h3 59. Rg8+ Kf5 60. Rf8+ Kg6 61. b4 h2 62. Rh8 e3 0-1